000 00393nam a2200169Ia 4500
008 230524s9999 xx 000 0 und d
082 _a530.15
_bDAS
100 _aJena
245 0 _aIntroduction to Mathematical Physics
250 _a1ST
260 _aCUTTACK
_bKitab Mahal
_c2002
300 _a814
500 _aQuantity Number: 2
650 _aPhysics
700 _a Das
942 _cBK
999 _c14583
_d14583